| 000 | 00755nam a2200241 4500 | ||
|---|---|---|---|
| 003 | OSt | ||
| 005 | 20240731072014.0 | ||
| 006 | a | ||
| 008 | 240731b |||||||| |||| 00| 0 eng d | ||
| 020 | _a0275993329 | ||
| 040 |
_aDWCL-Main lib. _cOC |
||
| 082 | _aCirc. 658.4092 D279m 2007 | ||
| 100 | _aDealy, M.David | ||
| 245 | _aManaging by accountability : what every leaders needs to know about responsibility, integrity and results / | ||
| 260 |
_aWestport, Comm. : _bPreager Pub. , _cc2007. |
||
| 300 |
_b90 p. ; _c24 cm. |
||
| 504 | _aIncludes bibliographical references & index. | ||
| 650 | _a1. Management. | ||
| 650 | _a2. Responsibility. | ||
| 650 | _a3. Business ethics. | ||
| 650 | _a4. Leadership. | ||
| 942 |
_2ddc _n0 _cBK-CIRC _kCirc. |
||
| 999 |
_c3045 _d3045 |
||